书目信息 |
| 题名: |
体操
|
|
| 作者: | 朱光辉 主编 | |
| 分册: | ||
| 出版信息: | 济南 山东大学出版社 2001 |
|
| 页数: | 235页 | |
| 开本: | 20cm | |
| 丛书名: | ||
| 单 册: | ||
| 中图分类: | G830.1 | |
| 科图分类: | ||
| 主题词: | 体操--师范大学 | |
| 电子资源: | ||
| ISBN: | 7-5607-2289-X | |
| 000 | 00730nam0 2200229 45 | |
| 001 | 012001080902 | |
| 005 | 20050224163120.7 | |
| 010 | @a7-5607-2289-X@dCNY12.50 | |
| 100 | @a20011016d2001 em y0chiy0110 ea | |
| 101 | 0 | @achi |
| 102 | @aCN@b370000 | |
| 105 | @aa z 000yy | |
| 200 | 1 | @a体操@Ati cao@f朱光辉主编@FZhu Guang Hui Zhu Bian |
| 210 | @a济南@c山东大学出版社@d2001 | |
| 215 | @a235页@c图@d20cm | |
| 300 | @a体育教育专业教改试验系列教材 | |
| 330 | @a本书包括体操术语,体操的保护与帮助,体操动作力学原理与技术分析,基本体操,体操竞赛与裁判,体操各项目动作技术等内容。 | |
| 606 | 0 | @a体操@x师范大学 |
| 690 | @aG830.1@v4 | |
| 701 | 0 | @a朱光辉@4主编 |
| 801 | 0 | @aCN@bNLC@c20011019 |
| 905 | @b342577-581@dG830.1@e49@f5 | |
| 体操/朱光辉主编.-济南:山东大学出版社,2001 |
| 235页:图;20cm |
| 体育教育专业教改试验系列教材 |
| ISBN 7-5607-2289-X:CNY12.50 |
| 本书包括体操术语,体操的保护与帮助,体操动作力学原理与技术分析,基本体操,体操竞赛与裁判,体操各项目动作技术等内容。 |
| ● |
| 相关链接 |
|
|
|
|
正题名:体操
索取号:G830.1/49
 
预约/预借
| 序号 | 登录号 | 条形码 | 馆藏地/架位号 | 状态 | 备注 |
| 1 | 0342577 | 203425775 | 第一样本阅览室/ [索取号:G830.1/49] | 在馆 | |
| 2 | 0342578 | 203425784 | 第四借阅区/ [索取号:G830.1/49] | 在馆 | |
| 3 | 0342579 | 203425793 | 第四借阅区/ [索取号:G830.1/49] | 在馆 | |
| 4 | 0342580 | 203425800 | 第四借阅区/ [索取号:G830.1/49] | 在馆 | |
| 5 | 0342581 | 203425819 | 第四借阅区/ [索取号:G830.1/49] | 在馆 |